The Music Of Business : (Record no. 195223)
[ view plain ]
| 000 -LEADER | |
|---|---|
| fixed length control field | 00747nam a22002177a 4500 |
| 005 - DATE AND TIME OF LATEST TRANSACTION | |
| control field | 20230313130257.0 |
| 010 ## - LCCN (DPL NO) | |
| LC control number | ENG-136382 |
| 020 ## - INTERNATIONAL STANDARD BOOK NUMBER | |
| International Standard Book Number | 9788185984476 |
| Terms of availability | 195.00 |
| 035 ## - SYSTEM CONTROL NUMBER | |
| System control number | EN-119914 |
| 037 ## - SOURCE OF ACQUISITION | |
| Source of stock number/acquisition | DBAD/PUB |
| 082 ## - DEWEY DECIMAL CLASSIFICATION NUMBER | |
| Classification number | 338.4778 |
| 100 ## - MAIN ENTRY--PERSONAL NAME | |
| Personal name | Alexander,John |
| 245 ## - TITLE STATEMENT | |
| Title | The Music Of Business : |
| Statement of responsibility, etc | By John Alexander and S Venkataraman |
| Remainder of title | A Pictorial presentation / |
| 250 ## - EDITION STATEMENT | |
| Edition statement | 2011 |
| 260 ## - PUBLICATION, DISTRIBUTION, ETC. (IMPRINT) | |
| Place of publication, distribution, etc | Madras |
| Name of publisher, distributor, etc | Productivity & Quality Publishing Pvt Ltd |
| 270 ## - ADDRESS | |
| City | Madras |
| Address | 38, Thanikachalam Road ,T Nagar |
| Postal code | 600017 |
| Telephone number | +914424344519 |
| Fax number | +914424342009 |
| Electronic mail address | service@kkbooks.com |
| 300 ## - PHYSICAL DESCRIPTION | |
| Extent | 87p.; |
| Dimensions | 23cm(pb) |
| Other physical details | ill. |
| 700 ## - ADDED ENTRY--PERSONAL NAME | |
| Personal name | Raghavan, Sunitha |
| Relator term | Editor |
| 700 ## - ADDED ENTRY--PERSONAL NAME | |
| Personal name | Venkataraman,S |
| Relator term | Author |
| 942 ## - ADDED ENTRY ELEMENTS (KOHA) | |
| Source of classification or shelving scheme | Dewey Decimal Classification |
| Item type | English Books |
| Call number suffix | JOH |
| Classification part | 338.4778 |
| Withdrawn status | Lost status | Not for loan | Collection code | Home library | Current library | Date acquired | Source of acquisition | Cost, normal purchase price | Full call number | Barcode | Copy number | Koha item type |
|---|---|---|---|---|---|---|---|---|---|---|---|---|
| Non-fiction | Katevara | Katevara | 13/03/2023 | DBAD/PUB | 195.00 | 338.4778 JOH | EN-119914 | 1 | English Books |
